Ψυχολογία της Διατροφής / Πώς οι Διατροφικές Συνήθειες Αντανακλούν τον Συναισθηματικό μας Κόσμο (Record no. 6003)
[ view plain ]
| 000 -LEADER | |
|---|---|
| fixed length control field | 01906cam a22002054a 4500 |
| 005 - ΗΜΕΡΟΜΗΝΙΑ ΚΑΙ ΩΡΑ ΤΕΛΕΥΤΑΙΑΣ ΕΝΗΜΕΡΩΣΗΣ | |
| Πεδίο ελέγχου | 20250605164230.0 |
| 008 - FIXED-LENGTH DATA ELEMENTS--GENERAL INFORMATION | |
| Πεδίο ελέγχου σταθερού μήκους | 250528s ||||||||||||||||||||||||d |
| 035 ## - SYSTEM CONTROL NUMBER | |
| System control number | 20926 |
| 020 ## - ISBN | |
| ISBN | 9789605014599 |
| 040 ## - ΠΗΓΗ ΚΑΤΑΛΟΓΟΓΡΑΦΗΣΗΣ | |
| Φορέας πρωτότυπης καταλογογράφησης | MC Athens Campus Library |
| Γλώσσα καταλογογράφησης | Ελληνικά, Μοντέρνα (1453-) |
| Modifying agency | MC Athens Campus Library |
| Κανόνες περιγραφικής καταλογογράφησης | AACR2 |
| 245 1# - ΤΙΤΛΟΣ ΚΑΙ ΔΗΛΩΣΗ ΥΠΕΥΘΥΝΟΤΗΤΑΣ | |
| Τίτλος | Ψυχολογία της Διατροφής / Πώς οι Διατροφικές Συνήθειες Αντανακλούν τον Συναισθηματικό μας Κόσμο |
| 250 ## - EDITION STATEMENT | |
| Edition statement | 1η |
| 260 ## - PUBLICATION, DISTRIBUTION, ETC. | |
| Name of publisher, distributor, etc. | Μεταίχμιο, |
| Date of publication, distribution, etc. | 2011 |
| 300 ## - PHYSICAL DESCRIPTION | |
| Extent | 224 |
| 520 ## - SUMMARY, ETC. | |
| Summary, etc. | Το βιβλίο απευθύνεται σε επιστήμονες των κλάδων της διατροφής και της ψυχικής υγείας. Πρόλογος, Εισαγωγή, Ψυχολογία και Διατροφή: Θεωρητική Προσέγγιση, Μάθηση και Διατροφή, Η Πείνα και ο Κορεσμός, Όταν η Κατανάλωση Τροφής Γίνεται Προβληματική: Διαταραχές Πρόσληψης της Τροφής, Η Νευρική Ανορεξία (Anorexia Nervosa), Διαταραχες Υπερφαγίας: Βουλιμία και Υπερφαγία, Ψυχικές Διαταραχές και Νοσήματα που Σχετίζονται με τη Πρόσληψη Τροφής, Αντιμετώπιση των Διαταραχών Πρόσληψης Τροφής και Επαγγελματική Υποστήριξη, Διαγνωστικά και Υποστηρικτά Μέσα, Ψυχοθεραπευτικές Προσεγγίσεις στις Διαταραχές Πρόσληψης Τροφής, Γενικά Συμπεράσματα - Επίλογος, Παράρτημα: Μαρτυρίες Πασχόντων, Βιβλιογραφία. |
| 700 1# - ΠΡΟΣΘΕΤΗ ΑΝΑΓΡΑΦΗ--ΦΥΣΙΚΟ ΠΡΟΣΩΠΟ | |
| Personal name | Εμμανουηλίδου Καλλιόπη |
| 9 (RLIN) | 6916 |
| 942 ## - ADDED ENTRY ELEMENTS (KOHA) | |
| Koha item type | Books |
| Τύπος τεκμηρίου | Βιβλιοθήκη | Τρέχουσα τοποθεσία | Barcode | Αριθμός εισαγωγής | Ημερομηνία απόκτησης | Ταξιθετικό σύμβολο | Αριθμός αντιτύπου | Κατάσταση απόσυρσης | Κατάσταση χαμένου | Κατάσταση κατεστραμμένου | Μη δανεισμός | Σύνολο δανεισμών | Ημερομηνία τελευταίας εμφάνισης | Η τιμή ισχύει από |
|---|---|---|---|---|---|---|---|---|---|---|---|---|---|---|
| Books | MC Athens Campus Library | MC Athens Campus Library | 9780000060020 | 6638 | 05/06/2025 | 613.2 EMM | 1 | 05/06/2025 | 05/06/2025 |